Statistiken für Bibel Zitate Quiz #1

Klicken Sie hier um das Quiz zu spielen!

Allgemein

  • Dieses Quiz wurde 581 mal gespielt
  • Das Durchschnittsergebnis liegt bei 9 aus 16

Antwortstatistiken

VersZitat% Korrekt
Genesis 1,3Gott sprach: Es werde {Licht}.
99%
Matthäus 5,38Ihr habt gehört, dass gesagt worden ist: Auge für Auge und {Zahn} für {Zahn}.
89%
Lukas 23,34Vater, {vergib} ihnen, denn sie wissen nicht, was sie tun.
86%
Psalmen 23,1Der Herr ist mein {Hirte}, / nichts wird mir fehlen.
84%
Matthäus 5,39[...] wenn dich einer auf die rechte Wange {schlägt}, dann halt ihm auch die andere hin.
84%
Galatians 6:7[...], was der Mensch {sät}, wird er ernten.
72%
1 Korinther 13,4Die {Liebe} ist langmütig, / die {Liebe} ist gütig. / Sie ereifert sich nicht, / sie prahlt nicht,
68%
Johannes 8,7Wer von euch {ohne} {Sünde} ist, werfe als Erster einen Stein auf sie.
66%
Lukas 12,19Ruh dich aus, iss und trink und {freu} dich des Lebens!
65%
Matthäus 4,4Der Mensch lebt nicht nur von {Brot}, [...]
63%
Kohelet 3,1Für jedes Geschehen unter dem Himmel gibt es eine bestimmte {Zeit}:
36%
1 Korinther 15,55Tod, wo ist dein {Stachel}?
29%
Johannes 11,35Da {weinte} Jesus.
25%
Sprichwörter 13,24Wer die {Rute} spart, hasst seinen Sohn,
20%
Matthäus 12,25[...] keine Stadt und keine Familie, die in sich {gespalten} ist, wird Bestand haben.
19%
2 Samuel 1,19Ach, die {Helden} sind gefallen!
7%

Verteilung der Resultate

Perzentil nach korrekt beantworteten Fragen

Anzahl Personen mit jedem Resultat

Ihre Resultats-Entwicklung

Sie haben dieses Quiz noch nicht gespielt